Introduction to statistical Mechanics (Record no. 181)

MARC details
000 -LEADER
Fixed length control field 00425nam a2200169 4500
003 - CONTROL NUMBER IDENTIFIER
Control field SEACOMEC
005 - DATE AND TIME OF LATEST TRANSACTION
Control field 20240417121723.0
008 - FIXED-LENGTH DATA ELEMENTS--GENERAL INFORMATION
Fixed length control field 231007b |||||||| |||| 00| 0 eng d
040 ## - CATALOGING SOURCE
Original cataloging agency SEACOMEC
082 ## - DEWEY DECIMAL CLASSIFICATION NUMBER
Classification number 530.13
Book Number S617
100 1# - MAIN ENTRY--PERSONAL NAME
Personal name Sinha, S.K.
245 1# - TITLE STATEMENT
Title Introduction to statistical Mechanics
Statement of responsibility S.K. Sinha
260 ## - IMPRINT
Place of publication New Delhi
Name of publisher Narosa
Date of publication 2005
650 ## - SUBJECT ADDED ENTRY--TOPICAL TERM
Topical term Physics
650 ## - SUBJECT ADDED ENTRY--TOPICAL TERM
Topical term Statistical mechanics
942 ## - ADDED ENTRY ELEMENTS (KOHA)
Koha item type Books
Holdings
Withdrawn status Lost status Source of classification Damaged status Not for loan Home library Current library Date acquired Total Checkouts Call number Accession number Date last seen Price effective from Koha item type
    Dewey Decimal Classification     SEACOM ENGINEERING COLLEGE SEACOM ENGINEERING COLLEGE 04/08/2006   530.13 S617 5149 17/04/2024 17/04/2024 Books
© Seacom Engineering College, All rights reserved.      Powered by Koha